| 000 | 00501nam a2200205Ia 4500 | ||
|---|---|---|---|
| 003 | OSt | ||
| 005 | 20250422161406.0 | ||
| 008 | 210423s2008 xx 000 0 und d | ||
| 020 | _a10070667160 | ||
| 040 | _cAL | ||
| 041 | _aeng | ||
| 082 |
_a547 _223 _bCARO |
||
| 100 |
_aFrancis A Carey _978551 |
||
| 245 | _aOrganic chemistry. | ||
| 260 |
_aNew Delhi _bTata McGrawhill _c2008 |
||
| 300 |
_axxxiii,1229,C2,I32 _bPB |
||
| 365 |
_b450 _cINR |
||
| 906 | _achemistry. ; Organic | ||
| 942 |
_2ddc _cBK |
||
| 999 |
_c154231 _d154231 |
||